Asian Cities by Letter - A - Statistics

General Stats
  • This quiz has been taken 50 times
  • The average score is 11 of 20
Answers on the Map
Answers color-coded by a green-red scale on the quiz's map according to % correct below.
 
Answer Stats
City % Correct
Ankara
97%
Amman
95%
Abu Dhabi
92%
Ahmedabad
87%
Agra
82%
Almaty
82%
Aden
79%
Aleppo
77%
Ashgabat
77%
Antalya
67%
Adana
49%
Amritsar
44%
Angeles
44%
Anshan
33%
Allahabad
28%
Aurangabad
23%
Ahvaz
18%
Anyang
18%
Asansol
18%
Aligarh
8%
No matching quizzes found
Score Distribution
Percent of People with Each Score
Percentile by Number Answered
Your Score History
You have not taken this quiz